| 000 | 00475cam a2200145 4500500 | ||
|---|---|---|---|
| 005 | 20251228090952.0 | ||
| 041 | _afre | ||
| 042 | _adc | ||
| 100 | 1 | 0 |
_aLabouret, Denis _eauthor |
| 245 | 0 | 0 | _aPages de début |
| 260 | _c2021. | ||
| 500 | _a88 | ||
| 786 | 0 | _nBulletin de l’Amitié Charles Péguy | 176 | 4 | 2021-05-05 | p. 266-266 | 0180-8567 | |
| 856 | 4 | 1 | _uhttps://shs.cairn.info/revue-bulletin-de-lamitie-charles-peguy-2021-4-page-266?lang=fr&redirect-ssocas=7080 |
| 999 |
_c1602940 _d1602940 |
||